[Event "Tasmanian Open 2018"]
[Site "Burnie"]
[Date "2018.06.09"]
[Round "1.1"]
[White "BEETON, Kerry"]
[Black "ROUT, Ian"]
[Result "0-1"]
[WhiteElo "1291"]
[BlackElo "1946"]
[PlyCount "60"]
[EventDate "2018.06.09"]
[EventType "swiss"]
[EventRounds "6"]
[EventCountry "AUS"]
[SourceVersionDate "2018.06.09"]

1. d4 g6 2. Bf4 Bg7 3. Nf3 d6 4. h3 Nf6 5. e3 O-O 6. Bd3 Nbd7 7. c3 Re8 8. Qc2
e5 9. dxe5 dxe5 10. Bg5 Nc5 11. Be2 Bf5 12. Qd2 Nd3+ 13. Bxd3 Bxd3 14. Na3 Qd5
15. Rd1 Rad8 16. Rg1 Ne4 17. Qc1 Nxg5 18. Nxg5 e4 19. h4 Qxa2 20. f4 exf3 21.
gxf3 b5 22. Kf2 b4 23. Nb1 Qc4 24. Rg4 Qc5 25. Rxb4 Bxb1 26. Rxd8 Rxd8 27. Qxb1
Rd2+ 28. Kf1 Qxe3 29. Qe1 Qd3+ 30. Kg1 Rd1 0-1

[Event "Tasmanian Open 2018"]
[Site "Burnie"]
[Date "2018.06.09"]
[Round "1.2"]
[White "BONHAM, Kevin"]
[Black "RUMLEY, William"]
[Result "1-0"]
[WhiteElo "1940"]
[BlackElo "1157"]
[PlyCount "63"]
[EventDate "2018.06.09"]
[EventType "swiss"]
[EventRounds "6"]
[EventCountry "AUS"]
[SourceVersionDate "2018.06.09"]

1. g3 e5 2. c4 Nc6 3. Bg2 f5 4. Nc3 Nf6 5. d3 Bc5 6. Nf3 d6 7. O-O O-O 8. e3
Be6 9. Re1 Ng4 10. d4 Bxc4 11. dxc5 e4 12. Nd2 Bd3 13. cxd6 Qxd6 14. h3 Nf6 15.
Qb3+ Kh8 16. Bf1 Ne5 17. Nb5 Qd7 18. Nd4 c5 19. Ne2 c4 20. Qc3 Nd5 21. Qxe5
Rfe8 22. Qd4 Qc6 23. Nf4 Rad8 24. Nxd5 Rxd5 25. Qc3 Bxf1 26. Kxf1 Rd3 27. Qxc4
Qxc4 28. Nxc4 Rc8 29. Na3 a6 30. b3 b5 31. Bb2 Rc2 32. Nxc2 1-0

[Event "Tasmanian Open 2018"]
[Site "Burnie"]
[Date "2018.06.09"]
[Round "1.3"]
[White "RICE, Leon"]
[Black "McMAHON, Denis"]
[Result "0-1"]
[WhiteElo "1141"]
[BlackElo "1743"]
[PlyCount "28"]
[EventDate "2018.06.09"]
[EventType "swiss"]
[EventRounds "6"]
[EventCountry "AUS"]
[SourceVersionDate "2018.06.09"]

1. e4 d5 2. exd5 Nf6 3. c4 c6 4. Nc3 cxd5 5. cxd5 Nxd5 6. Bc4 Nb6 7. b3 Nxc4 8.
bxc4 Nc6 9. Nf3 Bg4 10. h3 Bh5 11. g4 Bg6 12. O-O Bd3 13. Re1 Bxc4 14. Qa4 Be6
0-1

[Event "Tasmanian Open 2018"]
[Site "Burnie"]
[Date "2018.06.09"]
[Round "1.4"]
[White "HARVEY, Reg"]
[Black "SHEE, Rhian"]
[Result "1-0"]
[WhiteElo "1688"]
[BlackElo "1083"]
[PlyCount "53"]
[EventDate "2018.06.09"]
[EventType "swiss"]
[EventRounds "6"]
[EventCountry "AUS"]
[SourceVersionDate "2018.06.09"]

1. d4 d5 2. e3 Nf6 3. Bd3 Nc6 4. f4 Bg4 5. Nf3 g6 6. c3 Bg7 7. Nbd2 O-O 8. O-O
Re8 9. Qe1 Qd6 10. h3 Bd7 11. Ne5 Rad8 12. Ndf3 h6 13. e4 Rf8 14. Nxc6 Qxc6 15.
e5 Ne8 16. Nh4 Qb6 17. f5 g5 18. Nf3 c5 19. Qg3 Nc7 20. Kh1 Bb5 21. Bxg5 hxg5
22. Bxb5 Nxb5 23. Nxg5 cxd4 24. f6 exf6 25. exf6 Qd6 26. Qh4 Rfe8 27. Qh7+ 1-0

[Event "Tasmanian Open 2018"]
[Site "Burnie"]
[Date "2018.06.09"]
[Round "1.5"]
[White "SWAN, Owen"]
[Black "LEWIS, Nigel"]
[Result "1/2-1/2"]
[WhiteElo "1073"]
[BlackElo "1642"]
[PlyCount "83"]
[EventDate "2018.06.09"]
[EventType "swiss"]
[EventRounds "6"]
[EventCountry "AUS"]
[SourceVersionDate "2018.06.09"]

1. d4 d5 2. Nf3 Nc6 3. c4 e6 4. a3 Nf6 5. Bg5 Be7 6. cxd5 exd5 7. Nc3 Be6 8.
Qb3 Rb8 9. e3 Ne4 10. Bxe7 Nxe7 11. Be2 O-O 12. Qc2 Nf6 13. O-O c6 14. Bd3 Ng6
15. e4 dxe4 16. Nxe4 Bd5 17. Ned2 b6 18. Bxg6 fxg6 19. Ne5 Rc8 20. Rac1 Qd6 21.
Nec4 Qc7 22. Ne3 c5 23. Nxd5 Nxd5 24. Qc4 Qd6 25. Nf3 Kh8 26. Rfd1 h6 27. Qa6
Rc7 28. dxc5 Qc6 29. Ne5 Qe6 30. Re1 Qf6 31. f3 Re7 32. Ng4 Qd4+ 33. Kh1 Rxe1+
34. Rxe1 Qxc5 35. h3 Qc7 36. Qb5 Nf6 37. Nxf6 Rxf6 38. Qe8+ Kh7 39. Re7 Qc1+
40. Kh2 Qf4+ 41. Kg1 Qd4+ 42. Kh2 1/2-1/2

[Event "Tasmanian Open 2018"]
[Site "Burnie"]
[Date "2018.06.09"]
[Round "1.6"]
[White "LITTLE, Ian"]
[Black "CAMPBELL, Andrew"]
[Result "1-0"]
[WhiteElo "1631"]
[BlackElo "801"]
[PlyCount "65"]
[EventDate "2018.06.09"]
[EventType "swiss"]
[EventRounds "6"]
[EventCountry "AUS"]
[SourceVersionDate "2018.06.09"]

1. e4 e5 2. Nf3 Nc6 3. Bb5 Nf6 4. d3 d5 5. Nxe5 Qd6 6. Bf4 Qb4+ 7. Nc3 Bd7 8.
Bxc6 bxc6 9. O-O Qxb2 10. Nxd7 Nxd7 11. Qe1 Bd6 12. exd5+ Kd8 13. Bxd6 Re8 14.
Bxc7+ Kxc7 15. Qd2 h5 16. Qf4+ Ne5 17. d6+ Kxd6 18. Ne4+ Kc7 19. c3 c5 20. Nxc5
Qxc3 21. Rfc1 Qb2 22. Na4+ Qxc1+ 23. Rxc1+ Kd7 24. d4 Nd3 25. Qxf7+ Re7 26.
Rc7+ Kxc7 27. Qxe7+ Kc6 28. Qe4+ Kb5 29. Qxa8 Kxa4 30. Qxa7+ Kb5 31. Qc7 Nb4
32. f4 Nd5 33. Qc5+ 1-0

[Event "Tasmanian Open 2018"]
[Site "Burnie"]
[Date "2018.06.09"]
[Round "1.7"]
[White "BEETON, Luwanna"]
[Black "COX, Aidan"]
[Result "0-1"]
[WhiteElo "299"]
[BlackElo "1518"]
[PlyCount "72"]
[EventDate "2018.06.09"]
[EventType "swiss"]
[EventRounds "6"]
[EventCountry "AUS"]
[SourceVersionDate "2018.06.09"]

1. e4 d5 2. exd5 Qxd5 3. Nc3 Qd8 4. d4 Nf6 5. Nf3 Bg4 6. Bc4 e6 7. O-O c6 8.
Bg5 Be7 9. h3 Bxf3 10. Qxf3 Qxd4 11. Rad1 Qxc4 12. Rd3 O-O 13. Rfd1 Na6 14. Rd4
Qc5 15. b4 Qxg5 16. h4 Qf5 17. Qe2 Rad8 18. g4 Qg6 19. Rf4 Bxb4 20. Ne4 Rxd1+
21. Qxd1 Nxe4 22. h5 Qg5 23. Rxe4 Rd8 24. Qb1 Qd5 25. c4 Qd1+ 26. Qxd1 Rxd1+
27. Kg2 Rd2 28. Kf3 Bc5 29. Kg2 Rxa2 30. Kg1 Rxf2 31. Kh1 b5 32. cxb5 cxb5 33.
Re1 b4 34. Rb1 e5 35. g5 e4 36. Rb3 e3 0-1

[Event "Tasmanian Open 2018"]
[Site "Burnie"]
[Date "2018.06.09"]
[Round "1.8"]
[White "BOOKAROF, Taso"]
[Black "CAMPBELL, Mitchell"]
[Result "1-0"]
[WhiteElo "1293"]
[BlackElo "245"]
[PlyCount "101"]
[EventDate "2018.06.09"]
[EventType "swiss"]
[EventRounds "6"]
[EventCountry "AUS"]
[SourceVersionDate "2018.06.09"]

1. d4 d5 2. g3 f6 3. Bg2 e6 4. Nf3 Bb4+ 5. c3 Bd6 6. O-O Nh6 7. Be3 Ng4 8. Bf4
e5 9. dxe5 Bc5 10. e3 d4 11. cxd4 O-O 12. Qb3+ Be6 13. Qxe6+ Kh8 14. Qxg4 Qd5
15. Nfd2 Qf7 16. dxc5 Rd8 17. Rd1 Nc6 18. Nc3 Qf8 19. exf6 Nb4 20. fxg7+ Qxg7
21. Qxg7+ Kxg7 22. a3 Nc2 23. Rac1 Ne1 24. Rxe1 Rxd2 25. e4 Rxb2 26. Rcd1 Kf8
27. e5 b6 28. cxb6 Rxb6 29. e6 Re8 30. Nd5 Rbxe6 31. Rxe6 Rxe6 32. Nxc7 Rb6 33.
Be3 Rb8 34. Bf4 Rc8 35. Bh3 Rb8 36. Ne6+ Ke7 37. Bxb8 Kf6 38. Bxa7 Ke5 39. a4
Ke4 40. a5 h5 41. Kg2 Ke5 42. Bb8+ Kf6 43. a6 Ke7 44. a7 Kf6 45. a8=Q Kf7 46.
Nc5 Kg6 47. Qe4+ Kf6 48. Qe5+ Kf7 49. Rd7+ Kf8 50. Qg7+ Ke8 51. Qe7# 1-0

[Event "Tasmanian Open 2018"]
[Site "Burnie"]
[Date "2018.06.09"]
[Round "2.1"]
[White "ROUT, Ian"]
[Black "HARVEY, Reg"]
[Result "1-0"]
[WhiteElo "1946"]
[BlackElo "1688"]
[PlyCount "99"]
[EventDate "2018.06.09"]
[EventType "swiss"]
[EventRounds "6"]
[EventCountry "AUS"]
[SourceVersionDate "2018.06.09"]

1. e4 Nf6 2. Nc3 d5 3. e5 d4 4. exf6 dxc3 5. fxg7 cxd2+ 6. Bxd2 Bxg7 7. Qf3 Nc6
8. O-O-O Ne5 9. Qg3 Qd4 10. Bc3 Bh6+ 11. Bd2 Bxd2+ 12. Rxd2 Qc5 13. Qg7 Ng6 14.
Bd3 Bf5 15. Bxf5 Qxf5 16. Nf3 Rd8 17. Rxd8+ Kxd8 18. Qd4+ Kc8 19. Qxa7 c6 20.
Rd1 Kc7 21. Nd4 Qe5 22. Nb3 Rd8 23. Rxd8 Kxd8 24. Qd4+ Kc7 25. Qxe5+ Nxe5 26.
Kd2 Ng4 27. f3 Nh6 28. Ke3 Kd6 29. Nd2 b5 30. Ne4+ Ke5 31. g4 f5 32. Nf2 f4+
33. Ke2 Kd5 34. Nd3 e5 35. Nb4+ Kd6 36. c3 Nf7 37. h4 h6 38. Kd3 c5 39. Nc2 Kd5
40. b3 Nd6 41. a4 bxa4 42. bxa4 e4+ 43. fxe4+ Nxe4 44. c4+ Ke5 45. a5 Nd6 46.
Na1 Ke6 47. a6 Nc8 48. Nb3 Nb6 49. a7 Kf6 50. Ke4 1-0

[Event "Tasmanian Open 2018"]
[Site "Burnie"]
[Date "2018.06.09"]
[Round "2.2"]
[White "COX, Aidan"]
[Black "BONHAM, Kevin"]
[Result "0-1"]
[WhiteElo "1518"]
[BlackElo "1940"]
[PlyCount "48"]
[EventDate "2018.06.09"]
[EventType "swiss"]
[EventRounds "6"]
[EventCountry "AUS"]
[SourceVersionDate "2018.06.09"]

1. d4 e6 2. Nf3 Nf6 3. c4 Bb4+ 4. Nc3 c5 5. e3 O-O 6. Bd3 d5 7. O-O b6 8. Bd2
cxd4 9. exd4 Bb7 10. Bg5 dxc4 11. Bxc4 Nbd7 12. d5 Bxc3 13. dxe6 Bxb2 14. Rb1
Bxf3 15. Qd6 Be5 16. Qxd7 Qxd7 17. exd7 Bc6 18. Bb5 Bxb5 19. Rxb5 Nxd7 20. Rd5
Bf6 21. f4 Bxg5 22. fxg5 Nc5 23. Rfd1 Rae8 24. h4 f6 0-1

[Event "Tasmanian Open 2018"]
[Site "Burnie"]
[Date "2018.06.09"]
[Round "2.3"]
[White "McMAHON, Denis"]
[Black "PATRICK, John"]
[Result "1-0"]
[WhiteElo "1743"]
[BlackElo "199"]
[PlyCount "37"]
[EventDate "2018.06.09"]
[EventType "swiss"]
[EventRounds "6"]
[EventCountry "AUS"]
[SourceVersionDate "2018.06.09"]

1. e4 e5 2. Bc4 Nf6 3. d4 exd4 4. Nf3 d6 5. Ng5 d5 6. exd5 Nxd5 7. Qf3 Be6 8.
O-O Be7 9. Nxe6 fxe6 10. Re1 Qd6 11. Qg4 Qb4 12. Nd2 Qd6 13. Rxe6 Qd7 14. Qh5+
g6 15. Qxd5 Qxd5 16. Bxd5 c6 17. Bb3 Nd7 18. Nf3 c5 19. Bg5 1-0

[Event "Tasmanian Open 2018"]
[Site "Burnie"]
[Date "2018.06.09"]
[Round "2.4"]
[White "LEWIS, Nigel"]
[Black "LITTLE, Ian"]
[Result "1-0"]
[WhiteElo "1642"]
[BlackElo "1631"]
[PlyCount "107"]
[EventDate "2018.06.09"]
[EventType "swiss"]
[EventRounds "6"]
[EventCountry "AUS"]
[SourceVersionDate "2018.06.09"]

1. e4 c5 2. Nf3 d6 3. Nc3 Nf6 4. Be2 g6 5. d3 Bg7 6. Bd2 Nc6 7. Rb1 Bg4 8. Nd5
O-O 9. h3 Be6 10. Nxf6+ Bxf6 11. c3 Bxa2 12. Ra1 Be6 13. O-O d5 14. Qc2 Qd6 15.
Rad1 d4 16. Qb1 a5 17. c4 Rfb8 18. Rde1 Bg7 19. Bd1 a4 20. Bc2 b5 21. Bf4 Ne5
22. Bxe5 Bxe5 23. Nxe5 Qxe5 24. f4 Qg7 25. f5 Bd7 26. Bd1 Rb6 27. Bg4 Kh8 28.
f6 exf6 29. Bxd7 b4 30. Bb5 a3 31. bxa3 Rxa3 32. Qc2 h5 33. Ra1 Rxa1 34. Rxa1
Kh7 35. Qf2 Re6 36. Ra7 Qf8 37. Ra2 Kg7 38. Re2 Qe7 39. Qg3 Re5 40. h4 f5 41.
Qf3 Qxh4 42. Bc6 fxe4 43. Bxe4 f5 44. Bd5 Rxe2 45. Qxe2 Qf4 46. Qe7+ Kh6 47.
Qf8+ Kg5 48. Qe7+ Kg4 49. Bf3+ Qxf3 50. gxf3+ Kxf3 51. Qxc5 Ke3 52. Qxb4 Kxd3
53. c5 Ke3 54. Qe1+ 1-0

[Event "Tasmanian Open 2018"]
[Site "Burnie"]
[Date "2018.06.09"]
[Round "2.5"]
[White "RUMLEY, William"]
[Black "SWAN, Owen"]
[Result "0-1"]
[WhiteElo "1157"]
[BlackElo "1073"]
[PlyCount "122"]
[EventDate "2018.06.09"]
[EventType "swiss"]
[EventRounds "6"]
[EventCountry "AUS"]
[SourceVersionDate "2018.06.09"]

1. e4 c5 2. Nc3 e6 3. f4 Be7 4. Nf3 a6 5. a4 Nc6 6. Be2 Nd4 7. O-O d6 8. d3 Nf6
9. Be3 Nxe2+ 10. Qxe2 O-O 11. Qf2 Ng4 12. Qd2 Nxe3 13. Qxe3 b6 14. d4 d5 15.
Rfe1 cxd4 16. Nxd4 Bc5 17. Rab1 Bb7 18. b4 Bd6 19. e5 Be7 20. Qh3 Rc8 21. Re3
Rc4 22. Rd3 Bxb4 23. f5 Bxc3 24. f6 Bxd4+ 25. Rxd4 Rxd4 26. Qg3 g6 27. Qe3 Rh4
28. Qg5 Rh5 29. Qf4 b5 30. g4 Qb6+ 31. Kg2 d4+ 32. Kg3 Qc6 33. gxh5 Qg2+ 34.
Kh4 g5+ 35. Qxg5+ Qxg5+ 36. Kxg5 Kh8 37. Rd1 Rg8+ 38. Kh6 bxa4 39. Rxd4 Bc6 40.
Rd6 Bb5 41. Rd1 Rc8 42. h4 a3 43. Ra1 Rxc2 44. Rxa3 Rc5 45. Re3 a5 46. Re1 a4
47. Rd1 Rd5 48. Rc1 Rd8 49. Rc7 Kg8 50. Ra7 Bc6 51. Ra6 Bb5 52. Ra5 Rb8 53. Ra7
Bc6 54. Ra6 Be8 55. Ra7 Rb5 56. Rxa4 Rxe5 57. Rg4+ Kh8 58. Rg7 Rf5 59. Rxh7+
Kg8 60. Rg7+ Kf8 61. Kh7 Rxh5# 0-1

[Event "Tasmanian Open 2018"]
[Site "Burnie"]
[Date "2018.06.09"]
[Round "2.6"]
[White "CAMPBELL, Andrew"]
[Black "BEETON, Kerry"]
[Result "0-1"]
[WhiteElo "801"]
[BlackElo "1291"]
[PlyCount "76"]
[EventDate "2018.06.09"]
[EventType "swiss"]
[EventRounds "6"]
[EventCountry "AUS"]
[SourceVersionDate "2018.06.09"]

1. e4 c6 2. Nf3 d5 3. e5 Bg4 4. d4 a6 5. h3 Bf5 6. Bd3 Bxd3 7. Qxd3 e6 8. b3 c5
9. Bb2 cxd4 10. Bxd4 Nc6 11. Nbd2 Qc7 12. c4 Nb4 13. Qc3 Rc8 14. O-O b5 15. a3
Nc6 16. c5 Nxd4 17. Qxd4 Bxc5 18. Qc3 Bxf2+ 19. Kxf2 Qxc3 20. Rac1 Qxc1 21.
Rxc1 Rxc1 22. Nd4 Ne7 23. b4 Nc6 24. Nxc6 Rxc6 25. Nb3 Rc2+ 26. Ke1 Ra2 27. Nc5
Rxa3 28. Kd2 a5 29. bxa5 Rxa5 30. Kc2 O-O 31. Kb3 Rb8 32. Kb4 Ra4+ 33. Kb3 d4
34. g4 Rc8 35. Ne4 d3 36. Nf2 d2 37. Kb2 Rc1 38. Nd1 Rb4+ 0-1

[Event "Tasmanian Open 2018"]
[Site "Burnie"]
[Date "2018.06.09"]
[Round "2.7"]
[White "SHEE, Rhian"]
[Black "BEETON, Luwanna"]
[Result "1-0"]
[WhiteElo "1083"]
[BlackElo "299"]
[PlyCount "79"]
[EventDate "2018.06.09"]
[EventType "swiss"]
[EventRounds "6"]
[EventCountry "AUS"]
[SourceVersionDate "2018.06.09"]

1. e4 e5 2. Nf3 Nc6 3. Bb5 Nf6 4. d4 exd4 5. Nxd4 Nxd4 6. Qxd4 c6 7. Ba4 b5 8.
Bb3 d5 9. O-O c5 10. Qe5+ Be6 11. c3 Bd6 12. Qg5 c4 13. Bc2 O-O 14. e5 Ne4 15.
Qxd8 Raxd8 16. exd6 Nxd6 17. Nd2 f5 18. Re1 Bd7 19. b3 Rf6 20. Bb2 Rg6 21. Nf3
Rh6 22. Rad1 Bc6 23. Nd4 Bd7 24. Re2 Rf8 25. Ba3 Rff6 26. Re7 Rf7 27. Rxf7 Nxf7
28. Nxf5 Bxf5 29. Bxf5 g6 30. Be6 Kg7 31. Rxd5 Kf6 32. Bxf7 Kxf7 33. Rxb5 cxb3
34. Rxb3 Ke6 35. h3 g5 36. c4 Kd7 37. Rb7+ Kc8 38. Rb5 Rg6 39. Bc5 a6 40. Rb6
1-0

[Event "Tasmanian Open 2018"]
[Site "Burnie"]
[Date "2018.06.10"]
[Round "3.1"]
[White "BONHAM, Kevin"]
[Black "ROUT, Ian"]
[Result "1/2-1/2"]
[WhiteElo "1940"]
[BlackElo "1946"]
[PlyCount "60"]
[EventDate "2018.06.09"]
[EventType "swiss"]
[EventRounds "6"]
[EventCountry "AUS"]
[SourceVersionDate "2018.06.09"]

1. Nf3 c5 2. e4 e6 3. Nc3 Nc6 4. Bb5 Nge7 5. O-O a6 6. Bxc6 Nxc6 7. Re1 Be7 8.
d3 O-O 9. e5 d6 10. exd6 Qxd6 11. Qe2 Nd4 12. Nxd4 cxd4 13. Ne4 Qd5 14. f4 Bd7
15. c4 dxc3 16. bxc3 Bc6 17. c4 Qa5 18. Bd2 Bb4 19. Bxb4 Qxb4 20. Reb1 Qe7 21.
Qe3 Rfd8 22. c5 Bxe4 23. dxe4 Rac8 24. Rc1 Rd7 25. Rc3 Qd8 26. h3 Rd2 27. a3
Qd7 28. Rac1 Rd8 29. c6 bxc6 30. Rxc6 Rd1+ 1/2-1/2

[Event "Tasmanian Open 2018"]
[Site "Burnie"]
[Date "2018.06.10"]
[Round "3.2"]
[White "SWAN, Owen"]
[Black "McMAHON, Denis"]
[Result "0-1"]
[WhiteElo "1073"]
[BlackElo "1743"]
[PlyCount "80"]
[EventDate "2018.06.09"]
[EventType "swiss"]
[EventRounds "6"]
[EventCountry "AUS"]
[SourceVersionDate "2018.06.09"]

1. d4 d6 2. c4 e5 3. dxe5 dxe5 4. Qxd8+ Kxd8 5. Bg5+ f6 6. Bh4 Be6 7. e3 c6 8.
Nc3 Kc7 9. O-O-O Nd7 10. Nge2 Bxc4 11. f4 Bc5 12. Bf2 Ne7 13. a3 Nf5 14. Na4
Bxe3+ 15. Bxe3 Nxe3 16. Rd2 exf4 17. g3 Nxf1 18. Rxf1 fxg3 19. hxg3 Rhe8 20.
Nac3 Re7 21. Rf4 b5 22. Nd4 g6 23. b3 Bg8 24. Rc2 a6 25. a4 Kb7 26. a5 c5 27.
Nde2 Bxb3 28. Rd2 Bc4 29. Nd5 Rxe2 30. Rxe2 Bxe2 31. Nxf6 Nxf6 32. Rxf6 Rc8 33.
Rb6+ Ka7 34. Re6 Bd3 35. Re7+ Kb8 36. Re6 b4 37. Rb6+ Kc7 38. Rf6 h5 39. Rf7+
Kc6 40. Rf6+ Kb5 0-1

[Event "Tasmanian Open 2018"]
[Site "Burnie"]
[Date "2018.06.10"]
[Round "3.3"]
[White "LEWIS, Nigel"]
[Black "BOOKAROF, Taso"]
[Result "0-1"]
[WhiteElo "1642"]
[BlackElo "1293"]
[PlyCount "80"]
[EventDate "2018.06.09"]
[EventType "swiss"]
[EventRounds "6"]
[EventCountry "AUS"]
[SourceVersionDate "2018.06.09"]

1. e4 d5 2. exd5 g6 3. Bc4 Nf6 4. Nc3 Bg7 5. Nf3 Bg4 6. Be2 Bf5 7. O-O O-O 8.
d3 c6 9. dxc6 Nxc6 10. a3 Bg4 11. Be3 Bxf3 12. Bxf3 Qc7 13. Rb1 a5 14. Qe2 Ng4
15. Bxg4 Ne5 16. Bf3 Qd6 17. Bxb7 Rab8 18. Bf3 Nd7 19. Ne4 Qc7 20. c3 f5 21.
Ng5 f4 22. Bd4 Be5 23. Ne6 Qd6 24. Nxf8 Rxf8 25. Rbe1 Bf6 26. Bxf6 Nxf6 27.
Qxe7 Qxe7 28. Rxe7 Rd8 29. d4 Rb8 30. Ra7 Kh8 31. Ra8 Rg8 32. Rxg8+ Nxg8 33. b4
g5 34. h3 g4 35. hxg4 a4 36. b5 h5 37. gxh5 Kh7 38. b6 Ne7 39. b7 Nc6 40. d5
Kh6 0-1

[Event "Tasmanian Open 2018"]
[Site "Burnie"]
[Date "2018.06.10"]
[Round "3.4"]
[White "CAMPBELL, Mitchell"]
[Black "HARVEY, Reg"]
[Result "0-1"]
[WhiteElo "245"]
[BlackElo "1688"]
[PlyCount "36"]
[EventDate "2018.06.09"]
[EventType "swiss"]
[EventRounds "6"]
[EventCountry "AUS"]
[SourceVersionDate "2018.06.09"]

1. d4 f5 2. e3 Nf6 3. Be2 g6 4. Nf3 Bg7 5. Ng5 O-O 6. e4 fxe4 7. Nxh7 Kxh7 8.
h4 Qe8 9. h5 gxh5 10. Bxh5 Nxh5 11. Rxh5+ Kg8 12. Rh4 d5 13. Qg4 Bxg4 14. Rxg4
Qh5 15. Rg3 Qh1+ 16. Ke2 Qxc1 17. Nc3 Qxc2+ 18. Ke3 Qd3# 0-1

[Event "Tasmanian Open 2018"]
[Site "Burnie"]
[Date "2018.06.10"]
[Round "3.5"]
[White "LITTLE, Ian"]
[Black "SHEE, Rhian"]
[Result "1-0"]
[WhiteElo "1631"]
[BlackElo "1083"]
[PlyCount "67"]
[EventDate "2018.06.09"]
[EventType "swiss"]
[EventRounds "6"]
[EventCountry "AUS"]
[SourceVersionDate "2018.06.09"]

1. e4 e5 2. Nf3 Nc6 3. Bb5 a6 4. Ba4 Nf6 5. O-O b5 6. Bb3 Bb7 7. Re1 Na5 8. d3
Nc6 9. Nbd2 Ng4 10. h3 h5 11. Nf1 Bc5 12. Ne3 Bxe3 13. Bxe3 Nxe3 14. fxe3 Qe7
15. Rf1 O-O-O 16. a4 Na7 17. axb5 Nxb5 18. c4 Na7 19. Ba4 Qc5 20. Qd2 Rhg8 21.
b4 Qe7 22. Qc3 f6 23. Nh4 g5 24. Nf5 Qh7 25. b5 h4 26. bxa6 Bxa6 27. Bxd7+ Rxd7
28. Rxa6 c6 29. Rfa1 Kd8 30. Qa5+ Ke8 31. Rxa7 Qg6 32. Rxd7 Kxd7 33. Qa7+ Ke6
34. Qe7# 1-0

[Event "Tasmanian Open 2018"]
[Site "Burnie"]
[Date "2018.06.10"]
[Round "3.6"]
[White "PATRICK, John"]
[Black "COX, Aidan"]
[Result "0-1"]
[WhiteElo "199"]
[BlackElo "1518"]
[PlyCount "44"]
[EventDate "2018.06.09"]
[EventType "swiss"]
[EventRounds "6"]
[EventCountry "AUS"]
[SourceVersionDate "2018.06.09"]

1. Nf3 Nf6 2. Nc3 d5 3. d4 Bf5 4. e3 e6 5. Bd3 Bg6 6. Ne5 Bd6 7. O-O Bxe5 8.
dxe5 Nfd7 9. Bxg6 hxg6 10. e4 dxe4 11. Bf4 Nc6 12. Qe2 a6 13. Rfd1 Qh4 14. Bg3
Qh5 15. Qd2 Ndxe5 16. Nxe4 Rd8 17. Qe1 Nd4 18. Rxd4 Rxd4 19. c3 Rd5 20. h3 Nf3+
21. gxf3 Qxh3 22. Bxc7 Qh1# 0-1

[Event "Tasmanian Open 2018"]
[Site "Burnie"]
[Date "2018.06.10"]
[Round "3.7"]
[White "BEETON, Kerry"]
[Black "RUMLEY, William"]
[Result "1/2-1/2"]
[WhiteElo "1291"]
[BlackElo "1157"]
[PlyCount "105"]
[EventDate "2018.06.09"]
[EventType "swiss"]
[EventRounds "6"]
[EventCountry "AUS"]
[SourceVersionDate "2018.06.09"]

1. Nf3 Nf6 2. c3 Nc6 3. Qc2 g6 4. e4 e5 5. d4 d6 6. d5 Ne7 7. Bg5 Bg7 8. Bd3
O-O 9. Qc1 Nh5 10. h3 f6 11. Be3 f5 12. Bg5 Nf6 13. Nbd2 Qe8 14. Bxf6 Bxf6 15.
Qc2 Qf7 16. O-O-O fxe4 17. Nxe4 Qxd5 18. Nxf6+ Rxf6 19. Bxg6 Qxa2 20. Bxh7+ Kf8
21. b3 Qxc2+ 22. Kxc2 Bf5+ 23. Bxf5 Nxf5 24. Ng5 Rg6 25. h4 Kg7 26. g3 Rf8 27.
Kd3 Ne7 28. Rd2 Nd5 29. f3 c6 30. Ra2 Rxg5 31. hxg5 Rxf3+ 32. Ke2 Rxc3 33. Rxa7
Rxb3 34. Rh6 Nc3+ 35. Kd2 Ne4+ 36. Kc2 Rb5 37. Ra8 Nxg3 38. Rxd6 Ne4 39. Rd7+
Kg6 40. Rg8+ Kh5 41. Rh7+ Kg4 42. Rhg7 Rc5+ 43. Kd3 Nf2+ 44. Ke3 Nd1+ 45. Ke2
Nc3+ 46. Ke1 b5 47. Rh7 e4 48. g6 Rd5 49. g7 e3 50. Rh4+ Kg3 51. Rh3+ Kg2 52.
Rh2+ Kg3 53. Rh3+ 1/2-1/2

[Event "Tasmanian Open 2018"]
[Site "Burnie"]
[Date "2018.06.10"]
[Round "3.8"]
[White "BEETON, Luwanna"]
[Black "CAMPBELL, Andrew"]
[Result "0-1"]
[WhiteElo "299"]
[BlackElo "801"]
[PlyCount "56"]
[EventDate "2018.06.09"]
[EventType "swiss"]
[EventRounds "6"]
[EventCountry "AUS"]
[SourceVersionDate "2018.06.09"]

1. e4 e5 2. Nf3 Nc6 3. Nc3 Nf6 4. Bb5 a6 5. Bxc6 bxc6 6. O-O d6 7. d4 Ng4 8. h3
h5 9. hxg4 hxg4 10. Ne1 Qh4 11. f3 g3 12. Rf2 gxf2+ 13. Kf1 Qh1+ 14. Ke2 f1=Q+
15. Ke3 Qxe1+ 16. Ne2 Qf2+ 17. Kd3 Qxd1+ 18. Kc3 Qe3+ 19. Bxe3 Qxa1 20. Nc1 d5
21. dxe5 Rb8 22. Bd4 Qxb2+ 23. Kd3 Qxc1 24. Be3 Qa3+ 25. Ke2 Rb2 26. Kf2 Rxc2+
27. Kg3 Qxe3 28. e6 Qg5# 0-1

[Event "Tasmanian Open 2018"]
[Site "Burnie"]
[Date "2018.06.10"]
[Round "4.1"]
[White "McMAHON, Denis"]
[Black "BONHAM, Kevin"]
[Result "0-1"]
[WhiteElo "1743"]
[BlackElo "1940"]
[PlyCount "84"]
[EventDate "2018.06.09"]
[EventType "swiss"]
[EventRounds "6"]
[EventCountry "AUS"]
[SourceVersionDate "2018.06.09"]

1. e4 e6 2. d4 d5 3. e5 c5 4. c3 Nc6 5. Be3 Qb6 6. Qd2 Bd7 7. Nf3 f6 8. Be2
fxe5 9. dxe5 Qc7 10. Bf4 Nge7 11. Bd3 h6 12. h4 g6 13. a3 c4 14. Bc2 Na5 15.
Qe2 O-O-O 16. Nbd2 Bg7 17. Nd4 Rhf8 18. Qg4 Kb8 19. N2f3 Qb6 20. Rb1 Nac6 21.
b4 Nxd4 22. cxd4 Be8 23. O-O Nf5 24. Rfd1 Qc7 25. a4 Qf7 26. Bd2 h5 27. Qh3
Nxd4 28. Nxd4 Qxf2+ 29. Kh1 Qxd4 30. Bg5 Qb6 31. Bxd8 Qxd8 32. Qg3 Qc7 33. Re1
d4 34. Bxg6 d3 35. Rbd1 Bxe5 36. Qg5 Rg8 37. Qxh5 Bxg6 38. Qxe5 Qxe5 39. Rxe5
c3 40. Rc5 c2 41. Rd2 Rc8 42. Rxc8+ Kxc8 0-1

[Event "Tasmanian Open 2018"]
[Site "Burnie"]
[Date "2018.06.10"]
[Round "4.3"]
[White "HARVEY, Reg"]
[Black "LITTLE, Ian"]
[Result "1-0"]
[WhiteElo "1688"]
[BlackElo "1631"]
[PlyCount "65"]
[EventDate "2018.06.09"]
[EventType "swiss"]
[EventRounds "6"]
[EventCountry "AUS"]
[SourceVersionDate "2018.06.09"]

1. d4 d5 2. e3 c5 3. c3 Bf5 4. b4 c4 5. Nf3 Nf6 6. Nbd2 e6 7. g3 Be7 8. Bg2 Bd3
9. Ne5 Bf5 10. O-O O-O 11. Ndxc4 dxc4 12. Bxb7 Nbd7 13. Nc6 Qe8 14. Bxa8 Qxa8
15. Nxe7+ Kh8 16. Nxf5 exf5 17. f3 Qb8 18. Qe2 Qc8 19. e4 fxe4 20. fxe4 Re8 21.
e5 Re7 22. Qf3 Ng8 23. Bg5 Re6 24. Qxf7 Qc6 25. Rf3 Rg6 26. Bh4 Qe4 27. Qf4 Qd5
28. Re1 Re6 29. Qe4 Qb5 30. Rf7 Nh6 31. Re7 Rg6 32. Re8+ Ng8 33. Qa8 1-0

[Event "Tasmanian Open 2018"]
[Site "Burnie"]
[Date "2018.06.10"]
[Round "4.4"]
[White "COX, Aidan"]
[Black "BEETON, Kerry"]
[Result "1-0"]
[WhiteElo "1518"]
[BlackElo "1291"]
[PlyCount "45"]
[EventDate "2018.06.09"]
[EventType "swiss"]
[EventRounds "6"]
[EventCountry "AUS"]
[SourceVersionDate "2018.06.09"]

1. e4 c5 2. c3 Qc7 3. d4 cxd4 4. cxd4 Qa5+ 5. Nc3 Nc6 6. Nf3 e6 7. d5 Bb4 8.
dxc6 Bxc3+ 9. bxc3 Qxc3+ 10. Bd2 Qxc6 11. e5 Ne7 12. Rc1 Qe4+ 13. Be2 Nc6 14.
Bc3 O-O 15. O-O f6 16. Bd3 Qd5 17. exf6 gxf6 18. Re1 Qxa2 19. Nh4 Ne5 20. Rxe5
fxe5 21. Bxh7+ Kf7 22. Qh5+ Kf6 23. Bxe5+ 1-0